Most Populous Pennsylvania Municipalities in 2000 - Statistics

General Stats
  • This quiz has been taken 4 times
  • The average score is 14 of 20
Answer Stats
Population County Status Municipality % Correct
106,661 Lehigh City Allentown
100%
103,748 ____ City Erie
100%
48,833 Dauphin City Harrisburg
100%
1,517,562 ____________ City Philadelphia
100%
334,325 Allegheny City Pittsburgh
100%
76,816 Lackawanna City Scranton
100%
39,333 Centre Borough State College
100%
43,153 Luzerne City Wilkes-Barre
100%
41,459 ____ City York
100%
50,244 Blair City Altoona
75%
71,329 Northampton/Lehigh City Bethlehem
75%
37,019 Delaware City Chester
75%
81,082 Berks City Reading
75%
56,356 _________ City Lancaster
50%
30,720 Lycoming City Williamsport
50%
33,468 Allegheny Municipality Bethel Park
25%
29,370 Allegheny Municipality Monroeville
25%
26,383 Lawrence City New Castle
25%
31,413 Montgomery Borough Norristown
25%
26,841 Allegheny Borough Plum
25%
No matching quizzes found
Score Distribution
Percent of People with Each Score
Percentile by Number Answered
Your Score History
You have not taken this quiz